Geography and History of New York City on a Map - Statistics

General Stats
  • This quiz has been taken 760 times
    523 since last reset
  • The average score is 29 of 70
Answers on the Map
Answers color-coded by a green-red scale on the quiz's map according to % correct below.
 
Answer Stats
Answer % Correct
Manhattan
97%
Brooklyn
94%
Bronx
93%
Statue of Liberty
93%
Queens
90%
John F. Kennedy International Airport
89%
Central Park
88%
Staten Island
88%
The {Empire} City
81%
Hudson River
78%
Ellis Island
77%
LaGuardia Airport
77%
The Big {Apple}
77%
Times Square
77%
The City That Never {Sleeps}.
76%
Empire State Building
68%
One World Trade Center
64%
Metropolitan Museum of Art
62%
Donald Trump
61%
Theodore Roosevelt
60%
Yankee Stadium
60%
Al Capone
58%
The Great Gatsby
58%
Michael Jordan
56%
Art Garfunkel
55%
Bernie Sanders
54%
Billy Joel
54%
East River
50%
Ghostbusters
50%
Battle of Long Island
46%
New York–Style Bagel
42%
Penn Station
40%
George Washington Bridge
39%
Steven Tyler
38%
Woody Allen
38%
Stanley Kubrick
36%
Charles Schumer
34%
Eggs Benedict
34%
Cornelius Vanderbilt
33%
Saint Patrick's Cathedral
32%
Waldorf Salad
32%
Charging Bull
31%
Fort Jay
30%
Citi Field
27%
Governors Island
27%
George Carlin
26%
Barclays Center
25%
Taxi Driver
25%
Union Square
23%
Jamaica Bay
18%
Prospect Park
18%
Robert F. Kennedy Bridge
18%
The Narrows
18%
LL Cool J
14%
Trinity Church
14%
Astoria Park
10%
Pelham Bay Park
10%
Saint James Church
10%
Van Cortlandt Park
10%
Bayonne Bridge
9%
Grand Army Plaza
9%
Battle of Fort Washington
8%
Hart Island
8%
Unisphere
7%
Wonder Wheel
7%
Fort Wadsworth
6%
Fort Tilden
5%
Inwood Hill Park
5%
Battle of Harlem Heights
4%
Landing at Kip's Bay
2%
No matching quizzes found
Score Distribution
Percent of People with Each Score
Percentile by Number Answered
Your Score History
You have not taken this quiz since the last reset